History Quiz

Random History or Blitz Quiz

1930s Blitz Quiz Stats

Quiz Updated Oct 24, 2016

Also try: 1940s Blitz
Challenge
Share
Tweet
Embed
Score 0/28 Timer 05:00
0 Plays Today
Category 1930's answer % Correct
Nation Invading Poland; 1939 [3]Slovakia
95.2%
U.S. Presidents [2]Herbert Hoover
94.5%
Nation withdrawn from League of Nations [17]Chile
92.7%
World's Fair Cities in Europe [12]Zurich
92.4%
Olympic Host City [4]Lake Placid
87.9%
World Series Winning Team [5]Tigers
86%
NFL Championship Winning Team [5]Lions
78.4%
Oscar Best Picture [10]All Quiet on the Western Front
75.8%
Stanley Cup Winning Team [6]Maroons
74.1%
Best Selling Novel (U.S.) [8]The Grapes of Wrath
73.3%
Disney Animated Feature [1]Snow White and the Seven Dwarfs
73.3%
Independent African nation [4]Liberia
69.3%
British Prime Minister [3]Ramsay MacDonald
68.4%
New Deal Program by Initials [18]WPA
62.2%
Category 1930's answer % Correct
Oscar Best Actor [10]Spencer Tracy
61.2%
English Football Champion [4]Manchester City
59.1%
Oscar Best Actress [8]Bette Davis
57.9%
Marx Brothers Film [9]Animal Crackers
57.1%
#1 Ranked U.S. Girls Name [1]Mary
46.1%
World Heavyweight Boxing Champ [6]Max Schmeling
38.5%
Now defunct General Motors brand [9]La Salle
35.5%
Musicals/Operas by Gershwin [5]Porgy & Bess
28.6%
Oscar Best Song [6]Over the Rainbow
27.8%
Artist with 5 million + selling album [3]Bing Crosby
24%
#1 Ranked U.S. Boys Name [1]Robert
21.8%
States carried by Alf Landon (1936) [2]Vermont
20.8%
Triple Crown Winning horse (US) [3]War Admiral
13.5%
Newly discovered chemical elements [2]Francium
7.2%

You're not logged in!

Compare scores with friends on all Sporcle quizzes.
Join for Free
OR
Log In

You Might Also Like...

Show Comments

Extras

Top Quizzes Today


Score Distribution

Your Account Isn't Verified!

In order to create a playlist on Sporcle, you need to verify the email address you used during registration. Go to your Sporcle Settings to finish the process.

Report this User

Report this user for behavior that violates our Community Guidelines.

Details: